<?xml version="1.0" encoding="UTF-8"?><?xml-stylesheet type="text/xsl" href="static/style.xsl"?><OAI-PMH xmlns="http://www.openarchives.org/OAI/2.0/" xmlns:xsi="http://www.w3.org/2001/XMLSchema-instance" xsi:schemaLocation="http://www.openarchives.org/OAI/2.0/ http://www.openarchives.org/OAI/2.0/OAI-PMH.xsd"><responseDate>2026-04-14T17:51:36Z</responseDate><request verb="GetRecord" identifier="oai:uvadoc.uva.es:10324/5151" metadataPrefix="marc">https://uvadoc.uva.es/oai/request</request><GetRecord><record><header><identifier>oai:uvadoc.uva.es:10324/5151</identifier><datestamp>2021-06-29T09:52:30Z</datestamp><setSpec>com_10324_38</setSpec><setSpec>col_10324_852</setSpec></header><metadata><record xmlns="http://www.loc.gov/MARC21/slim" xmlns:doc="http://www.lyncode.com/xoai" xmlns:xsi="http://www.w3.org/2001/XMLSchema-instance" xmlns:dcterms="http://purl.org/dc/terms/" xsi:schemaLocation="http://www.loc.gov/MARC21/slim http://www.loc.gov/standards/marcxml/schema/MARC21slim.xsd">
<leader>00925njm 22002777a 4500</leader>
<datafield tag="042" ind1=" " ind2=" ">
<subfield code="a">dc</subfield>
</datafield>
<datafield tag="720" ind1=" " ind2=" ">
<subfield code="a">Navas Araque, Beatriz</subfield>
<subfield code="e">author</subfield>
</datafield>
<datafield tag="260" ind1=" " ind2=" ">
<subfield code="c">2014</subfield>
</datafield>
<datafield tag="520" ind1=" " ind2=" ">
<subfield code="a">El fin de la propuesta de trabajo enfocado hacia segundo ciclo de Educación Infantil, propone como objetivo principal, la puesta en práctica de la educación ambiental integrada dentro de un currículum transversal, cuya meta sea el aprendizaje basado en valores sobre el Medio Ambiente y orientado hacia la práctica del reciclaje. &#xd;
Para poder llevar a cabo el proyecto es imprescindible la participación del profesorado y las familias, los cuales favorecen el proceso globalizador de enseñanza-aprendizaje, dentro y fuera del aula.</subfield>
</datafield>
<datafield tag="024" ind2=" " ind1="8">
<subfield code="a">http://uvadoc.uva.es/handle/10324/5151</subfield>
</datafield>
<datafield ind1=" " ind2=" " tag="653">
<subfield code="a">Medio ambiente-Estudio y enseñanza</subfield>
</datafield>
<datafield ind1=" " ind2=" " tag="653">
<subfield code="a">Reciclaje</subfield>
</datafield>
<datafield tag="245" ind1="0" ind2="0">
<subfield code="a">Educación ambiental en el aula. Proyecto educativo "Aprendemos a reciclar"</subfield>
</datafield>
</record></metadata></record></GetRecord></OAI-PMH>